[Event "only under 1800"]
[Site "SchemingMind.com"]
[Date "2018.01.30"]
[Round "-"]
[White "DANDYLIONHONEYBADGER"]
[Black "Scooter"]
[Result "0-1"]
[WhiteCountry "USA"]
[BlackCountry "USA"]
[WhiteElo "1309"]
[WhiteRD "69"]
[BlackElo "1758"]
[BlackRD "59"]
[GameID "423927"]

1. e4 c6 2. Nc3 d5 3. d4 dxe4 4. Nxe4 Bf5 5. Bd3 e6 6. f3 Qxd4 7. c3 Qd8 8. g4 Bxe4 9. fxe4 Qh4+ 10. Kd2 Nf6
11. Kc2 Nxg4 12. Nf3 Qf2+ 13. Kb1 Ne3 14. Qd2 Qxd2 15. Bxd2 Bc5 16. Bxe3 Bxe3 17. Re1 Bh6 18. Rf1 Nd7 19. e5 O-O-O 20. Nd4 Nxe5
21. Be2 c5 22. Nb5 Kb8 23. a4 a6 24. Na3 Rd2 25. Nc4 Rxe2 26. Nxe5 Rxe5 27. Rxf7 Re1+ 28. Ka2 Rxa1+ 29. Kxa1 Rd8 30. Re7 Rd1+
31. Ka2 Re1 32. Kb3 e5 33. Kc4 b6 34. Kd5 Rd1+ 35. Kc6 Kc8 36. Ra7 Kd8 37. Kxb6 e4 38. Kxa6 e3 39. Ra8+ Ke7 40. Kb5 e2
41. Ra7+ Rd7 42. Ra6 e1=Q 43. Rc6 Qd2 44. a5 Qxb2+ 45. Ka6 Qb7#
0-1

[Event "only under 1800"]
[Site "SchemingMind.com"]
[Date "2018.01.30"]
[Round "-"]
[White "kenneth m day"]
[Black "DANDYLIONHONEYBADGER"]
[Result "1-0"]
[WhiteCountry "USA"]
[BlackCountry "USA"]
[WhiteElo "1722"]
[WhiteRD "59"]
[BlackElo "1309"]
[BlackRD "69"]
[GameID "423928"]

1. e4 e5 2. f4 exf4 3. Nf3 g5 4. Nc3 c6 5. d4 Nf6 6. Nxg5 Qe7 7. Bd3 h6 8. Nf3 d6 9. Bxf4 Ng4 10. Qe2 h5
11. O-O-O Bd7 12. h3 Nf6 13. Rhf1 b5 14. Be5 Bh6+ 15. Kb1 dxe5 16. Nxe5 O-O 17. Qf3 Be8 18. g4 h4 19. Qxf6 Qxf6 20. Rxf6 Bg5
21. Rd6 f6 22. Nf3 Bf4 23. Rd8 Bf7 24. Rxf8+ Kxf8 25. Nxh4 Nd7 26. Rf1 Bg3 27. Nf5 Bf4 28. Rxf4 b4 29. Na4 Rb8 30. Nd6 a5
31. Nxf7 Kxf7 32. Rf5 Rh8 33. Bf1 Rf8 34. Rxa5 Re8 35. Bg2 Rc8 36. Nc5 Nxc5 37. Rxc5 Rc7 38. Rc4 b3 39. cxb3
1-0

[Event "only under 1800"]
[Site "SchemingMind.com"]
[Date "2018.01.30"]
[Round "-"]
[White "DANDYLIONHONEYBADGER"]
[Black "kenneth m day"]
[Result "0-1"]
[WhiteCountry "USA"]
[BlackCountry "USA"]
[WhiteElo "1309"]
[WhiteRD "69"]
[BlackElo "1722"]
[BlackRD "59"]
[GameID "423929"]

1. e4 e5 2. Nc3 Nf6 3. f3 Bc5 4. Na4 Bb4 5. c3 Be7 6. d3 d5 7. b4 O-O 8. h3 dxe4 9. h4 exf3 10. Nxf3 Nc6
11. a3 Bg4 12. Nc5 Rb8 13. Qd2 a6 14. Be2 Qc8 15. Ne4 Nxe4 16. Qc2 Ng3 17. Rh2 Qf5 18. Be3 Bf6 19. O-O-O Qe6 20. Kd2 Rbd8
21. Ke1 Rfe8 22. Rd2 h6 23. Qa2 Qf5 24. Kd1 Nxe2 25. Kxe2 Re7 26. Qc4 Red7 27. Kf2 Rxd3 28. Rxd3 Rxd3
0-1

[Event "only under 1800"]
[Site "SchemingMind.com"]
[Date "2018.01.30"]
[Round "-"]
[White "DANDYLIONHONEYBADGER"]
[Black "Wojtek26"]
[Result "0-1"]
[WhiteCountry "USA"]
[BlackCountry "POL"]
[WhiteElo "1309"]
[WhiteRD "69"]
[BlackElo "1579"]
[BlackRD "63"]
[GameID "423930"]

1. e4 e5 2. Nc3 Nf6 3. f3 Bb4 4. a3 Ba5 5. b4 Bb6 6. Nge2 O-O 7. h3 d6 8. Nd5 Nxd5 9. exd5 Qh4+ 10. g3 Qf6
11. Bb2 Qxf3 12. Rh2 Qxd5 13. Nc3 Qe6 14. g4 Nc6 15. Qe2 Nd4 16. Qd1 Qf6 17. Be2 Qh4+ 18. Kf1 Qg3 19. Rh1 Nxc2 20. Ne4 Qf4+
21. Bf3 Nxa1 22. Bxa1 f5 23. g5 fxe4
0-1

[Event "only under 1800"]
[Site "SchemingMind.com"]
[Date "2018.01.30"]
[Round "-"]
[White "Wojtek26"]
[Black "DANDYLIONHONEYBADGER"]
[Result "1-0"]
[WhiteCountry "POL"]
[BlackCountry "USA"]
[WhiteElo "1579"]
[WhiteRD "63"]
[BlackElo "1309"]
[BlackRD "69"]
[GameID "423931"]

1. d4 Nf6 2. e3 d5 3. c4 c6 4. Nf3 b6 5. Nc3 e6 6. Be2 Ne4 7. Nxe4 h6 8. Nc3 Ba6 9. cxd5 Bxe2 10. Qxe2 Qd7
11. O-O f6 12. Nh4 Bb4 13. Ng6 Rh7 14. dxe6 Qxe6 15. Nf4 Qe7 16. Ng6 Qf7 17. Nf4 g6 18. Qg4 f5 19. Qf3 g5 20. Nd3 Bxc3
21. bxc3 Nd7 22. Ba3 g4 23. Qxc6 Rd8 24. Ne5 Qf6 25. Qa4 Qe6 26. Nxd7 Rdxd7 27. Rab1 Kd8 28. Rb5 Qxa2 29. Be7+
1-0

[Event "only under 1800"]
[Site "SchemingMind.com"]
[Date "2018.01.30"]
[Round "-"]
[White "DANDYLIONHONEYBADGER"]
[Black "Omahony"]
[Result "0-1"]
[WhiteCountry "USA"]
[BlackCountry "ENG"]
[WhiteElo "1309"]
[WhiteRD "69"]
[BlackElo "1786"]
[BlackRD "71"]
[GameID "423932"]

1. e4 e6 2. Nc3 d5 3. d3 d4 4. Nce2 e5 5. Nf3 Bd6 6. Nxe5 Bxe5 7. f4 Bf6 8. e5 Be7 9. Bd2 c5 10. a3 Nc6
11. c3 Nh6 12. h3 Nf5 13. g3 Qd5 14. Rg1 dxc3 15. Bxc3 Ne3 16. Qd2 Nxf1 17. Rxf1 Bxh3 18. Rh1 Qxh1+
0-1

[Event "only under 1800"]
[Site "SchemingMind.com"]
[Date "2018.01.30"]
[Round "-"]
[White "Omahony"]
[Black "DANDYLIONHONEYBADGER"]
[Result "1-0"]
[WhiteCountry "ENG"]
[BlackCountry "USA"]
[WhiteElo "1786"]
[WhiteRD "71"]
[BlackElo "1309"]
[BlackRD "69"]
[GameID "423933"]

1. d4 e6 2. e3 d5 3. Bd3 Bd7 4. Nd2 Nf6 5. f4 Be7 6. Ngf3 h6 7. Ne5 c6 8. O-O h5 9. c4 h4 10. Qb3 Bc8
11. f5 Ng4 12. Nxg4 h3 13. g3 exf5 14. Bxf5 Bxf5 15. Rxf5 g6 16. Rf2 b6 17. Ne5 Rh6 18. Ndf3 g5 19. cxd5 cxd5 20. Qb5+ Nd7
21. Qxd5 Rh7 22. Bd2 Nxe5 23. Qxe5 f6 24. Qe6 Rh8 25. Rc1 Qd7 26. Qe4 Kf7 27. Nxg5+ Ke8 28. Rxf6 Rf8 29. Qxa8+
1-0

[Event "only under 1800"]
[Site "SchemingMind.com"]
[Date "2018.02.04"]
[Round "-"]
[White "aliwood"]
[Black "rotem"]
[Result "0-1"]
[WhiteCountry "ENG"]
[BlackCountry "AUS"]
[WhiteElo "1325"]
[WhiteRD "61"]
[BlackElo "1693"]
[BlackRD "92"]
[GameID "424200"]

1. Nf3 d6 2. c4 e5 3. d4 e4 4. Ng5 Bf5 5. Nc3 Nf6 6. e3 h6 7. Nxf7 Kxf7 8. Be2 Nc6 9. d5 Ne5 10. b3 Be7
11. O-O h5 12. h3 g5 13. Bb2 h4 14. Qe1 g4 15. hxg4 Bxg4 16. Bxg4 Nexg4 17. Nb5 h3 18. gxh3 Rxh3 19. Nc3 Qh8 20. Ne2 Rh1+
21. Kg2 Qh2#
0-1

[Event "only under 1800"]
[Site "SchemingMind.com"]
[Date "2018.02.04"]
[Round "-"]
[White "rotem"]
[Black "aliwood"]
[Result "1-0"]
[WhiteCountry "AUS"]
[BlackCountry "ENG"]
[WhiteElo "1693"]
[WhiteRD "92"]
[BlackElo "1325"]
[BlackRD "61"]
[GameID "424201"]

1. e4 e5 2. Nf3 Nc6 3. Bb5 a6 4. Bxc6 dxc6 5. O-O Nf6 6. Nxe5 Be6 7. Re1 Bc5 8. Nd3 Ba7 9. e5 Nd5 10. b3 Qd7
11. c4 Ne7 12. Ba3 b6 13. Re3 O-O-O 14. c5 b5 15. Bb4 Nd5 16. Rg3 g6 17. Ba3 Rhf8 18. Nc3 Nxc3 19. Qc2 Ne4 20. Re3 f5
21. f3 Ng5 22. h4
1-0

[Event "only under 1800"]
[Site "SchemingMind.com"]
[Date "2018.01.30"]
[Round "-"]
[White "rotem"]
[Black "Phillip Beckett"]
[Result "1-0"]
[WhiteCountry "AUS"]
[BlackCountry "ENG"]
[WhiteElo "1595"]
[WhiteRD "111"]
[BlackElo "1550"]
[BlackRD "52"]
[GameID "424202"]

1. e4 e5 2. Nf3 Nc6 3. c3 Nf6 4. Bd3 Be7 5. Qe2 d6 6. b4 O-O 7. h4 h6 8. Bc4 Be6 9. Bxe6 fxe6 10. g4 d5
11. exd5 exd5 12. b5 Na5 13. Nxe5 Bd6 14. d4 Ne4 15. Be3 c6 16. bxc6 Nxc6 17. Nxc6 bxc6 18. g5 Qc7 19. Kd1 Bf4 20. gxh6 Bxe3
21. Rg1 Bxf2 22. Rxg7+ Kh8 23. Rxc7 Bg3 24. Qh5 Rf1+ 25. Ke2 Rf2+ 26. Kd1 Raf8 27. Qg6 Rf1+ 28. Kc2 R1f2+ 29. Kb3 Rb8+ 30. Ka4 Bxc7
31. Qg7#
1-0

[Event "only under 1800"]
[Site "SchemingMind.com"]
[Date "2018.01.30"]
[Round "-"]
[White "Phillip Beckett"]
[Black "rotem"]
[Result "1-0"]
[WhiteCountry "ENG"]
[BlackCountry "AUS"]
[WhiteElo "1550"]
[WhiteRD "52"]
[BlackElo "1595"]
[BlackRD "111"]
[GameID "424203"]

1. d4 e6 2. c4 Nf6 3. Nc3 b6 4. f3 Bb7 5. e4 d5 6. cxd5 exd5 7. e5 Nfd7 8. Nge2 Be7 9. Ng3 Bh4 10. Bd3 f6
11. exf6 Qxf6 12. Qe2+ Qe7 13. Qxe7+ Bxe7 14. O-O Nc6 15. Bf4 Nxd4 16. Rae1 Kd8 17. Be5 Ne6 18. Nf5 Bc5+ 19. Kh1 Rg8 20. Bg3 Nd4
21. Nxd4 Bxd4 22. Bf5 g6 23. Bh3 Bc6 24. Re6 Bb7 25. Rfe1 Nf6 26. Re7 h6 27. Bxc7#
1-0

[Event "only under 1800"]
[Site "SchemingMind.com"]
[Date "2018.01.30"]
[Round "-"]
[White "rotem"]
[Black "Goz"]
[Result "1-0"]
[WhiteCountry "AUS"]
[BlackCountry "ENG"]
[WhiteElo "1634"]
[WhiteRD "101"]
[BlackElo "1510"]
[BlackRD "71"]
[GameID "424204"]

1. e4 e5 2. Nf3 d6 3. d4 Nc6 4. d5 Nce7 5. Be2 Nf6 6. Bd3 Ng6 7. h4 Nh5 8. Be3 Nhf4 9. Bf1 Be7 10. Nc3 O-O
11. h5 Nh8 12. h6 g6 13. g3 Nh5 14. Be2 f5 15. exf5 Bxf5 16. Nd2 Nf6 17. g4 Bd7 18. Nce4 c5 19. Nxf6+ Bxf6 20. Ne4 g5
21. Rh5 Ng6 22. Nxf6+ Rxf6 23. Bd3 Nh4 24. Be4 Rf7 25. Bxg5 Ng2+ 26. Bxg2 Qa5+ 27. Bd2 Qb5 28. Qc1 Bxg4 29. Rg5+ Kh8 30. Rxg4 Rg8
31. Rxg8+ Kxg8 32. Bh3 Rf6 33. a4 Qc4 34. Be6+ Kf8 35. Qd1 Qe4+ 36. Be3 Rxh6 37. Ke2 Qg4+ 38. Bxg4 Kg7 39. Bxh6+ Kxh6 40. Qh1+ Kg5
41. Qf3
1-0

[Event "only under 1800"]
[Site "SchemingMind.com"]
[Date "2018.01.30"]
[Round "-"]
[White "Goz"]
[Black "rotem"]
[Result "0-1"]
[WhiteCountry "ENG"]
[BlackCountry "AUS"]
[WhiteElo "1510"]
[WhiteRD "71"]
[BlackElo "1634"]
[BlackRD "101"]
[GameID "424205"]

1. d4 e6 2. e4 d6 3. c4 b6 4. Bd3 Qf6 5. Be3 Nc6 6. Ne2 Bb7 7. O-O O-O-O 8. a3 h5 9. Qd2 g6 10. Bg5 Qg7
11. Bxd8 Kxd8 12. Bc2 Na5 13. b3 h4 14. Nbc3 h3 15. g3 Nc6 16. f3 Be7 17. b4 Bf6 18. e5 Be7 19. f4 Nh6 20. Be4 Ng4
21. b5 Na5 22. Bxb7 Nxb7 23. d5 Nc5 24. Nd4 g5 25. Nc6+ Kd7 26. Nxa7 f6 27. dxe6+ Nxe6 28. exd6 Bxd6 29. Ne4 f5 30. Nxd6 cxd6
31. Rf3 Qxa1+ 32. Rf1 Qxa3 33. Nc6 Qe3+ 34. Qxe3 Nxe3 35. Ra1 gxf4 36. Ra7+ Nc7 37. gxf4 Rg8+ 38. Kf2 Nxc4 39. Nd4 Rg2+ 40. Ke1 Rxh2
41. Nxf5 Rg2 42. Kf1 Nd2+ 43. Ke1 h2 44. Ng3 Ne4 45. f5 Nxg3
0-1

[Event "only under 1800"]
[Site "SchemingMind.com"]
[Date "2018.01.30"]
[Round "-"]
[White "rotem"]
[Black "Scooter"]
[Result "0-1"]
[WhiteCountry "AUS"]
[BlackCountry "USA"]
[WhiteElo "1595"]
[WhiteRD "111"]
[BlackElo "1656"]
[BlackRD "56"]
[GameID "424206"]

1. e4 c6 2. Nf3 d5 3. exd5 cxd5 4. d4 Bg4 5. Nc3 e6 6. Bf4 a6 7. Be2 Bb4 8. Bd2 Nc6 9. Na4 Bxd2+ 10. Qxd2 Nge7
11. c3 O-O 12. Nc5 Bxf3 13. Bxf3 b6 14. Nd3 Rc8 15. h4 Na5 16. h5 h6 17. O-O-O Nf5 18. Bg4 Nxd4 19. Kb1 Nc4 20. Qf4 Nb5
21. Rh3 Qc7 22. Qc1 Ne5 23. Nxe5 Qxe5 24. Re1 Qf6 25. Ree3 Qxf2 26. Rhg3 Qf4 27. Be2 d4 28. Rd3 Qxc1+ 29. Kxc1 dxc3 30. b3 Rfd8
31. Rxd8+ Rxd8 32. Bxb5 axb5 33. Rxc3 Rd5 34. g4 Rc5 35. Kc2 Kf8 36. b4 Rxc3+ 37. Kxc3 e5 38. Kd3 Ke7 39. Ke4 Ke6 40. Kd3 Kd5
41. Ke3 g6 42. Kf3 gxh5 43. gxh5 f5 44. a3 Kd4 45. Ke2 Ke4 46. Kf2 Kd3
0-1

[Event "only under 1800"]
[Site "SchemingMind.com"]
[Date "2018.01.30"]
[Round "-"]
[White "Scooter"]
[Black "rotem"]
[Result "1-0"]
[WhiteCountry "USA"]
[BlackCountry "AUS"]
[WhiteElo "1656"]
[WhiteRD "56"]
[BlackElo "1595"]
[BlackRD "111"]
[GameID "424207"]

1. d4 e6 2. Nf3 d5 3. Bf4 Bd6 4. Bxd6 Qxd6 5. c3 Bd7 6. Nbd2 Nc6 7. e3 Nf6 8. Be2 O-O 9. O-O Ne7 10. Qc2 g6
11. e4 dxe4 12. Nxe4 Nxe4 13. Qxe4 Bc6 14. Qh4 Nf5 15. Qg4 a5 16. Ng5 a4 17. Bd3 Ng7 18. Qh4 h5 19. Ne4 Qd8 20. Nf6+ Kh8
21. Qg5 Qxf6 22. Qxf6 a3 23. b3 Ra5 24. Qe7 Re8 25. Qxf7 h4 26. Qxg6 Rh5 27. Rfe1 h3 28. g3 Bf3 29. Qf6 Bg2 30. Bg6 e5
31. Bxh5 Re6 32. Qf8+ Kh7 33. Rxe5 Rh6 34. Re7
1-0

[Event "only under 1800"]
[Site "SchemingMind.com"]
[Date "2018.01.31"]
[Round "-"]
[White "rotem"]
[Black "kenneth m day"]
[Result "1-0"]
[WhiteCountry "AUS"]
[BlackCountry "USA"]
[WhiteElo "1634"]
[WhiteRD "101"]
[BlackElo "1716"]
[BlackRD "59"]
[GameID "424208"]

1. e4 e5 2. Nf3 Nc6 3. Nc3 Bc5 4. Bc4 Nf6 5. h3 O-O 6. h4 d6 7. h5 Ng4 8. O-O Nf6 9. a3 Bg4 10. Be2 Bxh5
11. Nd5 Nxe4 12. Ne3 Bxe3 13. dxe3 Qf6 14. Nh2 Bxe2 15. Qxe2 Qh6 16. Qf3 f5 17. Qe2 Rf6 18. f3 Nc5 19. e4 f4 20. Ng4 Qg6
21. Nxf6+ Qxf6 22. b4 Nd4 23. Qc4+ Qe6 24. Qxe6+
1-0

[Event "only under 1800"]
[Site "SchemingMind.com"]
[Date "2018.01.31"]
[Round "-"]
[White "kenneth m day"]
[Black "rotem"]
[Result "0-1"]
[WhiteCountry "USA"]
[BlackCountry "AUS"]
[WhiteElo "1717"]
[WhiteRD "58"]
[BlackElo "1693"]
[BlackRD "92"]
[GameID "424209"]

1. e4 e5 2. f4 exf4 3. Nf3 d6 4. d4 Nc6 5. Bxf4 Bd7 6. Nc3 a6 7. Be2 Be7 8. Qd2 f5 9. O-O-O h6 10. e5 g5
11. exd6 cxd6 12. Be3 f4 13. Bf2 Qc7 14. Nd5 Qd8 15. Qd3 Qa5 16. Qg6+ Kd8 17. Nc3 d5 18. a3 b5 19. Nxd5 b4 20. Qd3 Qxd5
21. Qc4 Nf6 22. Rhe1 Na5 23. Qxd5 Nxd5 24. Ne5 Be8 25. Bf3 bxa3 26. Bxd5 axb2+ 27. Kb1 Rb8 28. g3 fxg3 29. Nd3 gxf2 30. Nxf2 Rf8
31. Nd3 Ba3 32. Rd2 Bf7 33. Bxf7 Rxf7 34. c3 Nb3 35. Rde2 Kc7 36. Nxb2 Bxb2 37. Rxb2 Nd2+ 38. Kc2 Rxb2+ 39. Kxb2 Rf2 40. Rd1 Rxh2
41. Kc1 Nb3+ 42. Kb1 a5 43. d5 a4 44. c4 a3
0-1

[Event "only under 1800"]
[Site "SchemingMind.com"]
[Date "2018.02.04"]
[Round "-"]
[White "rotem"]
[Black "DANDYLIONHONEYBADGER"]
[Result "1-0"]
[WhiteCountry "AUS"]
[BlackCountry "USA"]
[WhiteElo "1731"]
[WhiteRD "92"]
[BlackElo "1309"]
[BlackRD "69"]
[GameID "424210"]

1. e4 e5 2. Nf3 Nc6 3. Bd3 a6 4. O-O h5 5. c3 b5 6. b4 Bb7 7. Qb3 Nh6 8. h4 Be7 9. Be2 O-O 10. d3 a5
11. bxa5 Nxa5 12. Qb2 c6 13. Nxe5 Bxh4 14. c4 Bf6 15. Bxh6 gxh6 16. f4 d6 17. d4 dxe5 18. dxe5 Bh4 19. cxb5 c5 20. Nd2 Rc8
21. Rf3 c4 22. Rc3 Bg3 23. Rxg3+ Kh7 24. Rc3 Qh4 25. Qa3 Nb3 26. axb3 Qxf4 27. Bxh5 Qxd2 28. Rxc4 Qe3+ 29. Kh1 Bxe4 30. Rf1 Rxc4
31. Qxf8 Rc7 32. Bxf7 Qg5 33. Bg8+ Qxg8 34. Qf2 Rf7 35. Qxf7+ Qxf7 36. Rxf7+ Kg6 37. Rf4 Bf5 38. Rb4 Kg5 39. b6 h5 40. b7 h4
41. b8=Q
1-0

[Event "only under 1800"]
[Site "SchemingMind.com"]
[Date "2018.02.04"]
[Round "-"]
[White "DANDYLIONHONEYBADGER"]
[Black "rotem"]
[Result "0-1"]
[WhiteCountry "USA"]
[BlackCountry "AUS"]
[WhiteElo "1309"]
[WhiteRD "69"]
[BlackElo "1731"]
[BlackRD "92"]
[GameID "424211"]

1. e4 e5 2. Nc3 d6 3. Be2 Nc6 4. Nf3 g6 5. h3 f5 6. d3 f4 7. g3 fxg3 8. fxg3 Be6 9. h4 Nf6 10. Ng5 Bd7
11. a3 Qe7 12. Nb5 O-O-O 13. Bd2 Kb8 14. Be3 h6 15. Nf3 Ng4 16. d4 Nxe3 17. Qd3 Ng4 18. d5 Na5 19. Nc3 b6 20. a4 h5
21. Rf1 Bh6 22. Qa6 Ne3 23. Nb5 Bxb5 24. Bxb5 Nxc2+ 25. Ke2 Nxa1 26. Rxa1 c6 27. Bd3 Nb3 28. Ra3 Nc5 29. Qc4 Rc8 30. dxc6 Rxc6
31. a5 Rhc8 32. Rc3 Nb7 33. Qb3 Nxa5 34. Qb4 Rxc3 35. bxc3 Qe6 36. Ng5 Bxg5 37. Ba6 Qa2+ 38. Kd3 Qd2#
0-1

[Event "only under 1800"]
[Site "SchemingMind.com"]
[Date "2018.01.30"]
[Round "-"]
[White "rotem"]
[Black "Wojtek26"]
[Result "1-0"]
[WhiteCountry "AUS"]
[BlackCountry "POL"]
[WhiteElo "1595"]
[WhiteRD "111"]
[BlackElo "1426"]
[BlackRD "54"]
[GameID "424212"]

1. e4 e5 2. Nf3 Nc6 3. Nc3 Nf6 4. d3 Bb4 5. Bd2 d6 6. Nd5 Bxd2+ 7. Qxd2 O-O 8. h4 Be6 9. c4 Nd4 10. Nxf6+ Qxf6
11. Nxd4 c5 12. h5 h6 13. Nf3 b6 14. Be2 a6 15. O-O-O b5 16. Rh4 bxc4 17. dxc4 Rab8 18. b3 Rb4 19. Qxd6 g5 20. hxg6 Qxg6
21. Qxc5 Rfb8 22. Nxe5 Qxg2 23. Ng4 Bxg4 24. Rxg4+
1-0

[Event "only under 1800"]
[Site "SchemingMind.com"]
[Date "2018.01.30"]
[Round "-"]
[White "rotem"]
[Black "Omahony"]
[Result "0-1"]
[WhiteCountry "AUS"]
[BlackCountry "ENG"]
[WhiteElo "1693"]
[WhiteRD "92"]
[BlackElo "1797"]
[BlackRD "68"]
[GameID "424214"]

1. e4 e6 2. d4 d5 3. e5 c5 4. Nf3 Qb6 5. b3 Nc6 6. c3 Bd7 7. Be3 cxd4 8. Nxd4 Bc5 9. b4 Bxd4 10. b5 Bxe3
11. fxe3 Qxe3+ 12. Be2 Nxe5 13. a4 Rc8 14. Qd4 Qxd4 15. cxd4 Nc4 16. O-O Nf6 17. h4 Ne4 18. Bxc4 Rxc4 19. Na3 Rxd4 20. a5 Nd6
21. a6 bxa6 22. bxa6 Rxh4 23. Rfb1 O-O 24. Ra2 Ra4 25. Rbb2 Rxa6 26. Kf1 Ne4 27. Rb7 Bc6 28. Rbb2 Rd8 29. Ke1 Nc3 30. Ra1 d4
31. Nc2 Rxa1+ 32. Kd2 Rd1#
0-1

[Event "only under 1800"]
[Site "SchemingMind.com"]
[Date "2018.01.30"]
[Round "-"]
[White "Omahony"]
[Black "rotem"]
[Result "0-1"]
[WhiteCountry "ENG"]
[BlackCountry "AUS"]
[WhiteElo "1786"]
[WhiteRD "71"]
[BlackElo "1731"]
[BlackRD "92"]
[GameID "424215"]

1. d4 e6 2. e3 d5 3. Bd3 Nc6 4. f4 h5 5. Nf3 h4 6. Nbd2 h3 7. g3 f5 8. c3 Be7 9. Qe2 g5 10. Nxg5 Bxg5
11. fxg5 Qxg5 12. Nf3 Qg6 13. Bd2 Nf6 14. O-O-O Bd7 15. Rdf1 O-O-O 16. Rhg1 Ne4 17. Nh4 Qg4 18. Nf3 Be8 19. Kb1 Na5 20. Ne5 Qxe2
21. Bxe2 Nxd2+ 22. Kc2 Nxf1 23. Rxf1 Nc6 24. Nf3 Bh5 25. Kd2 Bxf3 26. Rxf3 Na5 27. b3 b6 28. Ba6+ Kb8 29. Bb5 Nb7 30. Bd3 Nd6
31. Kc2 Rde8 32. Rf2 Rh5 33. Rf4 c5 34. Rf2 c4 35. Be2 b5 36. Bxh5 Rh8 37. Be2 Ne4 38. Rf3 Nf6 39. Rf4 Ne4 40. Rf3= a5
41. Bf1 cxb3+ 42. axb3 Rc8 43. Bxb5 Rxc3+ 44. Kb2 Kc7 45. Bf1 Rc6 46. Bxh3 Ng5 47. Bg2 Nxf3 48. Bxf3 Kb6 49. Be2 Rc8 50. Bh5 Rh8
51. g4 fxg4 52. Bxg4 Rxh2+ 53. Kc3 Rh6 54. Kd3 Kc6 55. Bd1 Kd6 56. Be2 Rh8 57. Bd1 Ke7 58. Be2 Rc8 59. Kd2 Kf6 60. Bd3 Kg5
61. Be2 Kh4 62. Bb5 Rc7 63. Be2 Kg3 64. Ba6 Kf2 65. Bd3 Rg7 66. e4 dxe4 67. Bxe4 Rg4 68. Kd3 Rg3+ 69. Kc2 Ke3 70. Bd3 Kxd4
71. Bc4 e5 72. Kd2 Rc3 73. Be6 e4 74. Bf7 e3+ 75. Kd1 Rd3+ 76. Ke1 Rd2 77. Bc4 a4
0-1

[Event "only under 1800"]
[Site "SchemingMind.com"]
[Date "2018.02.04"]
[Round "-"]
[White "rotem"]
[Black "TheHornedReaper "]
[Result "1-0"]
[WhiteCountry "AUS"]
[BlackCountry "ROU"]
[WhiteElo "1693"]
[WhiteRD "92"]
[BlackElo "1246"]
[BlackRD "49"]
[GameID "424216"]

1. e4 e6 2. d4 d5 3. e5 c5 4. c3 Qb6 5. a4 Nc6 6. Bb5 Bd7 7. Bxc6 bxc6 8. a5 Qa6 9. Ne2 cxd4 10. cxd4 c5
11. Be3 c4 12. Nec3 Bb4 13. O-O Ne7 14. Bd2 O-O 15. Ne2 Rab8 16. Bxb4 Rxb4 17. Qc2 Rfb8 18. Nec3 Rxb2 19. Qc1
1-0

[Event "only under 1800"]
[Site "SchemingMind.com"]
[Date "2018.02.04"]
[Round "-"]
[White "TheHornedReaper "]
[Black "rotem"]
[Result "0-1"]
[WhiteCountry "ROU"]
[BlackCountry "AUS"]
[WhiteElo "1246"]
[WhiteRD "49"]
[BlackElo "1693"]
[BlackRD "92"]
[GameID "424217"]

1. e4 e5 2. Nf3 Nc6 3. Bb5 Nge7 4. d4 exd4 5. Nxd4 Nxd4 6. Qxd4 f5 7. Bg5 c6 8. Bc4 Qa5+ 9. Nc3 d5 10. exd5 c5
11. Qe3 Qc7 12. O-O h6 13. Bxe7 Qxe7 14. Qd3 Qf6 15. Rae1+ Kd8 16. Bb5 Bd6
0-1